LEADER 00883nam a2200229 i 4500 001 991003829349707536 008 080728s2007 it 000 0 ita d 020 $a8814136556 035 $ab1375807x-39ule_inst 040 $aDip.to Studi Giuridici$bita 082 0 $a347.24077 245 00$aVerso il procedimento ingiuntivo europeo /$ca cura di Antonio Carratta 260 $aMilano :$bGiuffrè,$c2007 300 $ax, 297 p. ;$c24 cm 440 0$aPubblicazioni della Facoltà di giurisprudenza.$nSeconda serie ;$v128 700 1 $aCarratta, Antonio 907 $a.b1375807x$b02-04-14$c28-07-08 912 $a991003829349707536 945 $aLE027 347.24 CAR01.01$g1$i2027000187270$lle027$o-$pE30.00$q-$rl$s- $t0$u0$v0$w0$x0$y.i14840583$z25-09-08 996 $aVerso il procedimento ingiuntivo europeo$9821224 997 $aUNISALENTO 998 $ale027$b28-07-08$cm$da $e-$fita$git $h0$i0 LEADER 01144nam a2200325 i 4500 001 991001356569707536 005 20020507191957.0 008 981203s1998 de ||| | eng 020 $a3540607528 035 $ab10836159-39ule_inst 035 $aLE01311023$9ExL 040 $aDip.to Matematica$beng 082 0 $a516.373 084 $aAMS 53B21 084 $aAMS 53C25 084 $aAMS 58B20 100 1 $aAubin, Thierry$065904 245 10$aSome nonlinear problems in Riemannian geometry /$cThierry Aubin 260 $aBerlin :$bSpringer-Verlag,$cc1998 300 $axvii, 395 p. ;$c25 cm 490 0 $aSpringer monographs in mathematics 500 $aIncludes bibliographical references (p. [365]-388) and indexes 650 4$aNonlinear theories 650 4$aRiemannian geometry 907 $a.b10836159$b23-02-17$c28-06-02 912 $a991001356569707536 945 $aLE013 53C AUB12 (1998)$g1$i2013000110141$lle013$o-$pE0.00$q-$rl$s- $t0$u6$v1$w6$x0$y.i10945751$z28-06-02 996 $aSome nonlinear problems in Riemannian geometry$9923954 997 $aUNISALENTO 998 $ale013$b01-01-98$cm$da $e-$feng$gde $h0$i1 LEADER 02963nam 2200601 a 450 001 9910790573003321 005 20200520144314.0 010 $a0-7391-8639-6 010 $a0-7391-7945-4 035 $a(CKB)2550000001113179 035 $a(EBL)1359824 035 $a(OCoLC)857277673 035 $a(SSID)ssj0000981050 035 $a(PQKBManifestationID)12422032 035 $a(PQKBTitleCode)TC0000981050 035 $a(PQKBWorkID)10970316 035 $a(PQKB)10919842 035 $a(MiAaPQ)EBC1359824 035 $a(Au-PeEL)EBL1359824 035 $a(CaPaEBR)ebr10752614 035 $a(CaONFJC)MIL513044 035 $a(EXLCZ)992550000001113179 100 $a20130913d2013 uy 0 101 0 $aeng 135 $aur|n|---||||| 181 $ctxt 182 $cc 183 $acr 200 10$aImagining Iran$b[electronic resource]$ethe tragedy of subaltern nationalism /$fMajid Sharifi 210 $aLanham, Md. ;$aPlymouth, England $cLexington Books$dc2013 215 $a1 online resource (375 p.) 300 $aDescription based upon print version of record. 311 $a0-7391-7944-6 311 $a1-299-81793-9 320 $aIncludes bibliographical references and index. 327 $aContents; Preface; A Note on the Transliteration; Chapter One: Contested Iranianness; Chapter Two: The Emergence of Modern Iranian Nationalism; Chapter Three: Subaltern Developmentalism; Chapter Four: Imperial Interventions (1941 and 1953); Chapter Five: Formation of a Hegemonic National Opposition (1953-1978); Chapter Six: The Islamic Republic; Chapter Seven: Consolidation of the State Power But Crisis in National Identity; Chapter Eight: Islamic Nationalism Redefined; Chapter Nine: Official Nationalism in Practice; Conclusion; Bibliography; Index; About the Author 330 $aThe thematic focus of this book is the tragic yet inevitable effects of subaltern nationalism. The book covers the systemic challenges that all modern Iranian regimes have faced in establishing a sovereign, developed, democratic, and constitutional nation-state. The book would certainly benefit both scholars and students of international relations, comparative politics, developmental studies, Iranian studies, and those interested in a deeper understanding of the ongoing Middle Eastern security and foreign policy issues. 606 $aNationalism$zIran$xHistory$y20th century 606 $aIslam and state$zIran$xHistory$y20th century 606 $aLegitimacy of governments$zIran$xHistory$y20th century 607 $aIran$xPolitics and government$y20th century 615 0$aNationalism$xHistory 615 0$aIslam and state$xHistory 615 0$aLegitimacy of governments$xHistory 676 $a955.05 700 $aSharifi$b Majid$f1951-$01585022 801 0$bMiAaPQ 801 1$bMiAaPQ 801 2$bMiAaPQ 906 $aBOOK 912 $a9910790573003321 996 $aImagining Iran$93869223 997 $aUNINA LEADER 02776nam 22003493 450 001 9910813497203321 005 20230629220847.0 010 $a9781945150418$b(electronic bk.) 010 $z9788415391081 035 $a(MiAaPQ)EBC6915226 035 $a(Au-PeEL)EBL6915226 035 $a(CKB)21382744900041 035 $a(EXLCZ)9921382744900041 100 $a20220311d2022 uy 0 101 0 $aeng 135 $aurcnu|||||||| 181 $ctxt$2rdacontent 182 $cc$2rdamedia 183 $acr$2rdacarrier 200 10$aInterdisciplinary Design $eNew Lessons from Architecture and Engineering 210 1$aNew York City :$cActar D,$d2022. 210 4$d©2013. 215 $a1 online resource (289 pages) 311 08$aPrint version: Kara, Hanif Interdisciplinary Design New York City : Actar D,c2022 9788415391081 327 $aIntro -- Foreword: Effective Affinities -- Redesigning Attitudes -- Learning from Design -- Structure as Architectural Intervention -- Behind the Curtains: Backstage -- Surfing the Wave -- Toward a New Sobriety: Rebel Engineering with a Cause -- Highcross Leicester -- Ravensbourne College -- GSD Lite -- Harvard M.O.D.E. -- Phaeno Science Center -- Design the Cloud: Cross-disciplinary Approach to Design -- Changing Forms, Changing Processes -- Enhancing Prefabrication -- Design for Disassembly: Closing the Materials Loop without Sacrificing Form -- Design with Climate: The Role of Digital Tools in Computational Analysis of Site-Specific Architecture -- Masdar Institute of Science and Technology -- The Role of the Client in the Design of Sustainable Developments -- Open House -- Refabrication -- Heelis - National Trust Headquarters -- On Heelis: The Role Played by Environmental Engineers -- Algorithms in Design: Uses, Limitations, and Development -- Integrated Design: A Computational Approach to the Structural and Architectural Design of Diagrid Structures -- Form Finding: The Engineer's Approach -- Henderson Waves Bridge -- Henderson Waves: A Collaboration -- Double Shell -- Jewel Box -- UK Pavilion, Shanghai Expo 2010 -- In collaboration... -- Death of The Star Architect -- How the Architect Found the Engineer -- A Necessary Resistance within Architect?Engineer Collaboration -- Interdisciplinary Collaboration: Enabling Architects to Regain Leadership in the Building Industry -- Adelaide Wharf -- Collaboration as a Working Process -- Center for Advanced Architecture -- Bridge Gallery -- Westfield Student Village -- Climate Comfort Collaboration -- Contributors -- Acknowledgements -- Image credits. 700 $aKara$b Hanif$0901990 801 0$bMiAaPQ 801 1$bMiAaPQ 801 2$bMiAaPQ 912 $a9910813497203321 996 $aInterdisciplinary Design$94023179 997 $aUNINA